01015 a2200181 45000010006000000050017000060080041000230030015000640400040000790800036001192450033001550200018001882640032002063000018002385050525002561000024007817000028008052928520260407155602.0260407a1986 arg spa dAR-UNSa-BCEJYS aAR-UNSa-BCEJYSbspacAR-UNSa-BCEJYS a657.41xContabilidad Financiera10aInterés del capital propio a950-9109-32-0 1aBuenos Aires :bTesisc1986 a50 p.c23 cm. a1. Parte I: 1. La identificación de los costos financieros totales – 2. El tiempo como factor esencial en la medición de los efectos de la financiación en los inventarios – 3. El cálculo del resultado por exposición a la inflación – 4. Esquema de apropiación del costo financiero – Parte II: 1. Productos en condiciones de ser vendidos – 2. Las nuevas metas de la expresión contable – 3. Propuesta de la valuación de activos físicos – Parte III: 1. Conclusión – 2. Recomendaciones.1 aViegas, Juan Carlos1 aArreghini, Hugo Ricardo